MDQL
is popping MORE tags! Check the
thread
!
Quizzes
Events
Quiz Creation
Community
Videos
Private Events
Remove Ads
Sign In
Join for FREE
Feedback
Dark Mode
Quiz Categories
Sports
Geography
Music
Movies
Television
Just For Fun
Miscellaneous
History
Literature
Language
Science
Gaming
Entertainment
Religion
Holiday
For Kids
Quiz Lab
Recent
Popular Today
Quiz Kudos Today
Editor Picks
Curator Picks
Quizzes by...
Day
Popularity
Type
Ratings
Length
Year
Community
Subscriptions
Recent Discussions
Orange Saloon
Badges
Playlists
Quests
Create
Leaderboards
Showdown
Live 5
Trivia Bingo
Activity
Puzzle Library
Sporcle Events
Private Events
Virtual Trivia
Globe League
Become a Host
Pub Owners
SporcleCon
Opinionation
Our Games
Videos
Blog
Mobile Apps
Partnerships
Remove Ads and Go Orange
Feedback
Geography
Country
Landmarks
City
State
Population
World
Capital
Continent
Flags
Europe
Africa
Asia
South America
North America
Oceania
Border
Canada
United Kingdom
Topography
United States
Geography
Country
Landmarks
City
State
Population
World
Capital
Continent
Flags
Europe
Africa
Asia
South America
North America
Oceania
Border
Canada
United Kingdom
Topography
United States
Random Quiz
Search Sporcle
×
Quiz Lab
Quiz Lab
Geography
Country
Type in answers that appear in a list
Type in answers that appear in a list
Classic
Best Score? Go Orange.
Countries With The Highest Population Density Stats
Can you name the Countries With The Highest Population Density?
By
jshurm
6m
50 Questions
340 Plays
340 Plays
340 Plays
Comments
Comments
Give Quiz Kudos
Give Quiz Kudos
-
- Ratings
hide this ad
More Info
Replay
Link that replays current quiz
Next Quiz
Link to next quiz in quiz playlist
You Got
0%
They Got
Avg Score
33%
Avg Friend Score
Upgrade to see
Score Distribution
Jump to the score distribution portion of the page
Score
0/50
Timer
06:00
0
Plays Today
Density/Population
Country/Territory/Dependent
% Correct
324/
1,065,070,607
India
81.8%
337/
127,333,002
Japan
72.9%
6,549/
4,353,893
Singapore
69.1%
16,549/
32,270
Monaco
65.9%
982/
141,340,476
Bangladesh
59.1%
247/
60,270,708
United Kingdom
57.9%
2,093/
921
Vatican City
57.4%
490/
48,233,760
South Korea
57.1%
632/
22,749,838
Taiwan
55.3%
467/
28,503
San Marino
54.4%
246/
82,424,609
Germany
51.8%
300/
6,199,008
Israel
50.6%
393/
16,318,199
Netherlands
50.3%
1,126/
396,851
Malta
47.6%
260/
82,662,800
Vietnam
47.6%
339/
10,348,276
Belgium
44.7%
287/
7,942,419
Haiti
44.4%
1,019/
677,886
Bahrain
41.8%
250/
2,713,130
Jamaica
41.8%
6,278/
6,855,125
Hong Kong
40.3%
304/
19,905,165
Sri Lanka
40.3%
291/
86,241,697
Philippines
39.4%
363/
3,777,218
Lebanon
37.1%
610/
12,809
Nauru
36.8%
1,131/
339,330
Maldives
36.2%
Density/Population
Country/Territory/Dependent
% Correct
646/
278,289
Barbados
33.2%
301/
651,901
Comoros
31.8%
598/
1,220,481
Mauritius
30.9%
441/
11,468
Tuvalu
30.9%
267/
89,357
Grenada
30%
319/
6,587,541
El Salvador
29.1%
319/
57,738
Marshall Islands
28.2%
17,811/
445,286
Macau
26.5%
313/
8,238,673
Rwanda
26.5%
286/
164,213
Saint Lucia
26.5%
303/
166,090
Guam
14.7%
428/
3,897,960
Puerto Rico
14.1%
1,225/
64,935
Bermuda
13.8%
4,282/
27,833
Gibraltar
12.1%
780/
90,502
Jersey
10.6%
834/
65,031
Guernsey
8.8%
309/
766,153
Reunion
6.5%
390/
429,510
Martinique
6.2%
313/
108,775
Virgin Islands
6.2%
3,681/
1,324,991
Gaza Strip
5.9%
298/
57,902
American Samoa
5.6%
251/
444,515
Guadeloupe
5.6%
303/
117,193
Saint Vincent and the Grenadines
5.3%
497/
186,026
Mayotte
4.4%
394/
2,311,204
West Bank
3.8%
Quiz Playlist
Details
Report
Send in Message
Add To Playlist
More Info:
This quiz tests your knowledge of population densities for countries, dependents and territories. Density is based on people per km².
Classic:
Type in answers that appear in a list
Last Updated: Feb 16, 2017
Quiz Scoreboard
CHALLENGE
Sign Up to Join the Scoreboard
Show All
Scores
Hide
Comments
May contain spoilers
Recently Published
5x2 Blitz: Bands
by SL_Kpop136
Music
30s
Colored Red Africa Blitz
by spor1
Geography
30s
Find the 'City' Movie
by crazypaving
Movies
60s
More to Explore
Quiz From the Vault
Featured Blog Post
14 Easter Pick-up Lines to Find Eggs With
hide this ad
You Might Also Like...
Tags
Country Quiz
Population Quiz
area
dependent
highest
Population Density
Territory
Today's Top Quizzes in Geography
Browse Geography
hide this ad
Today's Top Quizzes in Country
Browse Country
Top Contributed Quizzes in Geography
1
Countries of the World - No Outlines Minefield
2
Colored Red Africa Blitz II
3
Colored Red Europe Blitz I
4
Colored Red Europe Blitz II
5
Colored Red Africa Blitz III
6
Colored Red Europe Blitz III
7
Colored Red States Blitz II
8
Country Trivia Logic Puzzle II
9
Colored Red States Blitz I
10
List All 50 US States
Explore More
Trending Topics
Disney
Crossword
NBA
Anime
Kpop
Harry Potter
Marvel
Pokémon
Soccer
Puzzle
Country
The Office
WWE
Song
NFL
hide this ad
More By:
jshurm
Quiz
Plays
Rating
Category
Featured
Created
2nd Largest Cities
406
3.60
Geography
Jan 4, 2012
Countries With The Highest Population Density
340
4.50
Geography
Apr 23, 2011
Centers before Shaq
289
4.00
Sports
Apr 21, 2011
Country by Tallest Building
101
2.67
Geography
Dec 26, 2011
U.S. City by Arena
87
5.00
Sports
Nov 26, 2011
Go to Creator's Profile
Score Distribution
Quiz Creator Spotlight
jshurm
Follow
Send a Message
Quizzes Created
-
Created Quiz Play Count
-
More By This Creator
Popular Quizzes Today
1
Find the 'City' Movie
2
5x2 Blitz: Bands
3
Colored Red Africa Blitz
4
Find the US States - No Outlines Minefield
5
The Countries of the World
6
Find the US States
7
9x9 Crossword: Cartoon Network
8
US States
More Geography Quizzes
Quick Pick: Bristol's Borders
Quiz Lab
Trending Quizzes
Colored Red Europe Blitz I
Colored Red Africa Blitz II
Colored Red Europe Blitz III
Colored Red Europe Blitz II
Colored Red Africa Blitz III
Recently Updated
Champions League XIs: Real Madrid
pecheneg
Largest US Cities 1790-2010
pecheneg
Rides in Walt Disney World
pecheneg
Most Oscar Losses (Acting)
pecheneg
Beyoncé Albums
pecheneg
Leaping Animals
pecheneg
Reality TV Shows (A-Z)
bhenderson79
Rickey Henderson's Hall of Fame Teammates
pecheneg
Champions League XIs: Arsenal
pecheneg
Quick Pick: Celebrities in WWE's Hall of Fame
aduchscher
Trending Topics
Disney
Kpop
Anime
Marvel
Harry Potter
Crossword
NBA
Country
Pokémon
The Office
NFL
Soccer
Song
Puzzle
WWE
Your Account Isn't Verified!
In order to create a playlist on Sporcle, you need to verify the email address you used during registration. Go to your
Sporcle Settings
to finish the process.
Report this User
Report this user for behavior that violates our
Community Guidelines
.
Details:
Send Report
Go to the Sporcle.com Mobile Site →
Comments